| 000 | 00746nam a2200241 4500 | ||
|---|---|---|---|
| 003 | OSt | ||
| 005 | 20240705013258.0 | ||
| 006 | a | ||
| 008 | 240705b |||||||| |||| 00| 0 eng d | ||
| 020 | _a9780199298334 | ||
| 040 |
_aDWCL-Main lib. _cOC |
||
| 082 | _aCirc. 327.101 In61 2007 | ||
| 245 | _aInternational relations theories : discipline and diversity / | ||
| 260 |
_aOxford : _bOxford University Press, _cc2007. |
||
| 300 |
_axxiii, _b350 p. : ill. ; _c24 cm. |
||
| 504 | _aIncludes bibliographical references and index. | ||
| 650 | _a1. International relations. | ||
| 650 | _a2. International relations-Research. | ||
| 700 | _aTim Dunne | ||
| 700 | _aMilja Kurki | ||
| 700 | _aSteve Smith | ||
| 942 |
_2ddc _n0 _cBK-CIRC _kCirc. |
||
| 999 |
_c1984 _d1984 |
||